000 00603nam a2200229Ia 4500
003 OSt
005 20220918192549.0
006 a|||||r|||| 00| 0
007 ta
008 220917b |||||||| |||| 00| 0 eng d
024 _a69,029
037 _cTextual
040 _aARTS
_cARTS
_beng
041 _2eng
_aeng
082 _aR3:Q0S043, H1
100 _aKroner Richard
_979444
245 0 _aReligious function of imagination
260 _c1941
490 _aKenyon college , Bedell lectures , 1940
942 _hR3:Q0S043, H1
_cTEXL
_2CC
999 _c195192
_d195192